00414nam a22001337a 4500003000900000005001700009008004100026040001300067245005500080260002200135300002100157490002300178520007900201IT-RoPau20220918181107.0130607b xxu||||| |||| 00| 0 eng d cIT-RoPau aCelebraciones de la Familia PaulinabMisa y Oficio aMadridbSSPc1986 a123 pp.c17,5 cm aEdiciones Paulinas aIndice general Presentac̀§ion Misas propias Liturgia de las Horas Indices